| 000 | 00394pab a2200145 454500 | ||
|---|---|---|---|
| 008 | 180718b1988 xxu||||| |||| 00| 0 eng d | ||
| 100 | _aMcphee, Peter | ||
| 245 | _aRecent writing on rural societyand polities in France, 1789-1900 | ||
| 260 | _c1988 | ||
| 300 | _a750-2 | ||
| 362 | _aOct. | ||
| 650 | _aFrance - Politics | ||
| 773 | _aComparative Studies in Society and History | ||
| 909 | _a9050 | ||
| 999 |
_c9050 _d9050 |
||